L´ activation de l´énergie

Gorde:
Xehetasun bibliografikoak
Egile nagusia: Teilhard de Chardin, Pierre
Formatua: Liburua
Hizkuntza:Undetermined
Argitaratua: París, Francia Du Seuil 1963
Gaiak:
Etiketak: Etiketa erantsi
Etiketarik gabe, Izan zaitez lehena erregistro honi etiketa jartzen!

MARC

LEADER 00000nam a2200000Ia 4500
008 170316s9999 xx 000 0 und d
090 |a 100 T-4act 
100 |a Teilhard de Chardin, Pierre 
245 |a L´ activation de l´énergie 
260 |a París, Francia 
260 |b Du Seuil 
260 |c 1963 
300 |a 429 páginas 
650 |a FILOSOFÍA 
999 |c 17767  |d 17767 
040 |a cru BVZT 
942 |c 15 D  |h 100 T-4act  |2 z